000 00521nam a2200217Ia 4500
003 OSt
005 20220924153328.0
006 a|||||r|||| 00| 0
007 ta
008 220923b |||||||| |||| 00| 0 guj d
024 _a347897
037 _cTextual
040 _aARTS
_cARTS
_bguj
041 _2guj
_aguj
082 _aO156,1NRAx, L2
245 0 _aNalin rawan avkash
260 _c1972
650 _aGUJRATI LITERATURE
942 _hO156,1NRAx, L2
_cTEXL
_2CC
999 _c473168
_d473168